00353nam a2200145 a 45000010005000000030009000050080041000140400028000550820016000831000025000992450011001242600028001353000010001636500034001734236CO-ViMGA141112s2004 ck r 000 u spa d aCO-ViMGAbspacCO-ViMGA04a923.2 F715b1 aBennassar, Bartolome10aFranco aMadrid : bEdaf, c1996 a367 p14aFRANCO, FRANCISCO 1892 - 1975